[Event "Euwe intern 2008-2009"]
[Site "?"]
[Date "2008.11.13"]
[Round "10"]
[White "Overeem, Marc"]
[Black "Witt, Rob"]
[Result "1/2-1/2"]
[WhiteElo "2251"]
[BlackElo "2249"]
[Annotator "Witt/Christophe/tablebase"]
[PlyCount "113"]
[EventDate "2008.??.??"]

1. c4 e6 2. g3 d5 3. Bg2 Nf6 4. Nf3 c5 5. O-O Nc6 6. d4 Be7 {Ik wilde voor de
verandering eens een Tarrasch spelen.} ({Interessant is ook} 6... dxc4 7. Qa4 (
7. Ne5 Bd7 8. Na3) 7... Bd7 8. Qxc4 b5) 7. dxc5 {Minder gebru ikelijk, maar
Marc speelde dit snel en zal het dus wel bekeken hebben.} (7. cxd5 exd5 8. Nc3
O-O {leidt tot de Tarrasch.}) 7... Bxc5 8. a3 {5' Ik zie nu in mijn database
dat Marc dit een half jaar geleden ook al gespeeld heeft. Voor mij was de
stelling onbekend.} dxc4 {15' Ook minder gebruikelijk.} (8... O-O 9. b4 Bb6 10.
Bb2 Qe7 11. Nbd2 Rd8 12. Qc2 e5 13. cxd5 (13. b5 Nd4 14. Nxd4 exd4 15. c5 Bxc5
16. Nb3 Bb6 17. Bxd4 {Khalifman - Grischuk, Germany 2003 (29.0-1)}) 13... Nxd5
14. Nc4 {0-1 Overeem - Blok, Bussum 2008 (45.0-1)}) 9. Qa4 {10'} O-O 10. Qxc4
Qe7 $6 {18' Tijdens de partij was ik hier niet zo tevreden over.} (10... Bb6) (
10... Qd5) 11. Bg5 {14'} h6 $6 {20' Ook niet zo geweldig.} (11... Bb6 12. Nc3
h6 13. Bxf6 Qxf6 14. Rad1 Qe7 15. Na4 e5 16. Nxb6 axb6 $13 {Wojtkiewicz -
Timmer, Oostende 1990 (60.1/2-1/2)}) 12. Bxf6 gxf6 13. Nc3 {17'} Bb6 {27'} 14.
Rad1 {23'} Bd7 {37' Wit staat beter, maar het is niet zo makkelijk te zien hoe
hij zijn voordeel kan uitbouwen.} 15. Ne4 {Wit nog 54'. Hier zijn misschien
betere alternatieven.} (15. b4) (15. Na4) (15. Qh4) 15... Rad8 {Zwart nog 48'.}
16. Qc3 $6 {50'} (16. Nd6 $5) 16... Kg7 $6 {A tempo gespeeld.} ({Fritz/Rybka
geven de voorkeur aan} 16... e5 {met gelijke kansen. Zo te zien hebben ze
gelijk.}) 17. b4 {46'} (17. Bh3 $5) 17... Bc8 $6 {47'} (17... e5 $5) 18. Nc5 $6
{42' Hierna heeft zwart geen problemen meer.} ({Beter was om het zwarte paard
buiten spel te zetten met} 18. b5 $14) 18... Rxd1 {45'} 19. Rxd1 Rd8 20. Rc1 {
38'} Bxc5 $1 {31'} 21. bxc5 Qc7 {29'} (21... e5 {kwam ook hier weer in
aanmerking.}) 22. e3 Qa5 23. Qxa5 $6 {31' Hierna komt zwart zelfs beter te
staan.} (23. Bf1 Qxc3 24. Rxc3 Rd1 25. Kg2 e5 26. Bb5 $13 {is onduidelijk, al
heb ik liever zwart.}) 23... Nxa5 24. Nd4 {26'} e5 {21'} 25. Nb5 Nb3 26. Rb1 {
25'} Nxc5 {20'} 27. Nxa7 Bf5 28. Rc1 {20'} b6 {19'} ({Ik keek ook naar} 28...
Rd2 $5 29. Nb5 Nd3 30. Rf1 Bd7 $15) 29. Nb5 {15'} Rd2 30. Nc3 {13'} Be6 {
13' Dit laat het voordeel glippen.} ({Ook} 30... Rxf2 {levert niks op na} 31.
Kxf2 Nd3+ 32. Kg1 Nxc1 33. Nd5 b5 34. Bf1 Bd3 35. Nc3 $11 {en zwart verliest
zijn b-pion.}) ({Mijn oorspronkelijke gedachte was} 30... Nd3 {maar ik vond
het niet zo duidelijk na} 31. Rf1 Rc2 32. Nd5 b5 33. Ne7 {en ik zag niet goed
waar mijn loper heen moet.}) ({Het beste lijkt} 30... Rb2 $5 {een zet die ik
niet overwogen heb. Zwart kan in ieder geval op winst spelen zonder dat het
overigens duidelijk is of dit succes zal hebben.}) 31. Ne4 $1 {10' Deze zet
had ik gemist.} Ra2 (31... Nxe4 32. Bxe4 Ra2 33. Rb1 Bh3 34. Bg2 Bf5 $11) 32.
Nxc5 {8'} bxc5 33. Bc6 {7'} Bh3 $6 {10' Ik zag dat ik mijn kansen vergooid had
en wilde remise aanbieden. Deze onnadenkende en riskante zet liet ik dus
vergezeld gaan met een remiseaanbod.} (33... Rxa3 34. Rxc5 Bh3 35. Rc1 Ra2 $11
{was makkelijker geweest.}) 34. a4 {5' Goeie mentaliteit van Marc. Hij staat
niet meer minder en speelt door.} Kf8 {9'} 35. f4 e4 $6 {Ik kreeg er ook weer
zin in en besloot tot deze riskante voortzetting zonder dat ik de gevolgen kon
overzien.} ({Veiliger was} 35... Ke7 36. Rxc5 Ra1+ 37. Kf2 Ra2+ 38. Ke1 Kd6 39.
Rc3 Rxh2) 36. Rxc5 {2'} ({Interessant is ook} 36. Bxe4 Rxa4 37. Bf3 $1 f5 (
37... Ra5 38. g4 f5 39. g5 hxg5 40. fxg5 {biedt wit kansen.}) 38. Bd5 Ke7 39.
Rc2 $13) 36... Rg2+ 37. Kh1 Ra2 {6'} (37... Re2 $5 38. Rc1 f5 39. Ra1 Bg2+ 40.
Kg1 Bf3 41. a5 Rg2+ 42. Kf1 Rxh2 43. Ra3 Rh1+ 44. Kf2 Rh2+ 45. Ke1 Re2+ 46. Kf1
Rd2 $11) 38. Rc1 Bg2+ $2 {Hierna loopt alleen zwart gevaar.} (38... f5 $11) 39.
Kg1 Bf3 40. Bd5 {1'} (40. Bb5 $5 {lijkt betere kansen te bieden. Een aardige
variant is bijv.} Rg2+ 41. Kf1 Rxh2 42. Rc8+ Kg7 43. a5 Rb2 44. a6 (44. Rc5 $5
$14) 44... Rxb5 45. a7 Rd5 $1 {dreigt eeuwig schaak!} 46. g4 Ra5 47. a8=Q Rxa8
48. Rxa8 Bxg4 $11) 40... Rxa4 {Met nog een paar seconden kon ik niet
uitrekenen of dit de beste was.} ({Het lijkt remise na} 40... Rg2+ 41. Kf1 Rxh2
42. Rc8+ (42. Rc7 Rh1+ 43. Kf2 Rh2+ 44. Ke1 Rh1+ {met remise omdat de koning
niet naar d2 kan ontsnappen.}) 42... Ke7 43. Bc4 Rh1+ 44. Kf2 Rd1) 41. Rc7 {
15' Allebei 15' erbij.} Ra1+ {14'} 42. Kf2 Rd1 43. Bb3 {13'} Rd2+ 44. Kf1 Rxh2
{A tempo gespeeld.} ({Ik mis hier} 44... Rd3 45. Rxf7+ Ke8 46. Rb7 Rxe3 $11)
45. Rxf7+ Ke8 {Dat doe je natuurlijk zonder nadenken bij het uitvluggeren.
Maar mogelijk en misschien beter wastoch} (45... Kg8 {Bijv.} 46. Rxf6+ Kg7 47.
Rb6 Rh1+ 48. Kf2 Rh2+ 49. Ke1 Re2+ 50. Kd1 Rxe3+ 51. Kc2 Rd3 $11) 46. Rxf6 {11'
} h5 {12'} 47. f5 {10'} Rh1+ 48. Kf2 Rh2+ 49. Ke1 Re2+ 50. Kf1 Rxe3 51. Rb6 {8'
} Rc3 $2 {8' Met het verkeerde idee, maar nog niet verliezend.} ({Ik keek ook
naar} 51... Bg4 {maar dat leek me riskant na} 52. f6 {Ik miste echter} Rxg3 $1
53. f7+ Ke7 54. Rb7+ Bd7 55. Rxd7+ Kxd7 56. f8=Q Rf3+ 57. Qxf3 exf3 $11) 52. f6
{6'} e3 $2 {Achteraf blijkt de slotstelling verloren volgens de eindspelbase,
zoals Wim Nijenhuis aangeeft. Dan is dit dus de verliezende zet.} ({Eenvoudig} 
52... Rxb3 53. Rxb3 Kf7 54. Rb6 e3 55. Rb3 e2+ 56. Ke1 Bg4 {maakt remise.}) 53.
f7+ {5'} Kd7 54. Rd6+ {3'} ({Nirav: Marc geeft hier} 54. Ba4+ {als zekere
winst, maar op studie-achtige manier is ook deze stelling remise!!} Ke7 55.
f8=Q+ Kxf8 56. Rf6+ Kg7 57. Rxf3 {Tot hier loopt Marcs variant. Zwart speelt
echter:} h4 $1 58. g4 {De enige zet. Op iedere andere zet houdt wit loper en
verkeerde randpion over, danwel T&L tegen T.Beidenremise} (58. gxh4 e2+ 59.
Kxe2 Rxf3 60. Kxf3 {verkeerde randpion, remise}) (58. Ke2 hxg3 59. Rxg3+ $11 {
T&L tegen T}) 58... Ra3 $3 {De enige remisezet} ({Witt: Het eindspel is
bijzonder gecompliceerd. Misschien houden andere methodes ook remise, bijv.} 
58... h3 59. Ke2 h2 60. Rf1 (60. Rh3 Ra3 61. Bd7 Ra2+ 62. Kf3 e2 63. Kf2 e1=Q+
64. Kxe1 h1=Q+ 65. Rxh1 Ra1+) 60... Kg6 61. Bd7 Kg5 62. Kf3 e2+ 63. Kxe2 Rh3
64. Rh1 Kf4 65. Kf2 Rd3 66. Be6 Rd2+ 67. Ke1 Rc2 68. Kd1 Rg2 $11) 59. Bc6 (59.
Bd7 h3 60. Ke2 h2 61. Rf1 Kg6 62. Rh1 Kg5 63. Kf3 e2+ 64. Kxe2 Kf4 65. Bf5 Kg3
66. Kd2 Rf3 67. Bd7 Ra3 68. Be6 Kg2 69. Bd5+ Kg3 70. Be6 $11) (59. Bb5 h3 60.
Kg1 Ra1+ $1 61. Rf1 (61. Kh2 Ra2+ 62. Kxh3 e2 $11 63. Re3 $2 Ra3) 61... Ra2 {
dreigt met Tg2 de pion op te halen en zo remise te maken} 62. Bc6 (62. Bd7 Rg2+
63. Kh1 Rd2 64. Ba4 e2 65. Re1 Rd4 $11) (62. Kh1 Rg2 63. Bd7 Rd2 64. Ba4 e2 65.
Re1 Rd4 $11) 62... Kg6 {En zwart maakt remise!}) (59. Be8 h3 60. Ke2 h2 61. Rf1
Kh6 ({Witt: Eenvoudiger is} 61... Ra2+ 62. Kxe3 Rg2 63. Rh1 Rxg4 $11) 62. Bd7
Kg5 63. Bf5 Kh4 64. Kf3 e2+ 65. Kxe2 Kg3 66. Rh1 Rb3 67. Kd2 Ra3 68. Be6 Kg2
69. Bd5+ Kg3 70. Be6 Kg2 71. Bd5+ Kg3 72. g5 Ra5 $11) ({Witt: Er is nog een
vierde loperzet die er kansrijk uitziet, maar waarschijnlijk ook niet wint.} 
59. Bd1 h3 60. Ke2 h2 61. Rf1 Kg6 62. Kf3 e2+ 63. Kxe2 Kg5 64. Kf2 Kh4 65. Be2
Kh3 {en ik zie niet hoe wit hier verder komt.}) 59... h3 60. Ke2 h2 61. Rxe3 {
En nu de ongelooflijke zet} (61. Rh3 Ra6 62. Bd5 Rh6 63. Rxe3 (63. Rxh6 Kxh6
64. Kxe3 Kg5 $11) 63... h1=Q 64. Bxh1 Rxh1 $11) 61... Ra4 $3 {En zwart haalt
de witte pion op} 62. Rg3 {Enige zet} (62. Rh3 Rxg4 $11) 62... Kg6 $11 {
Zwart kan Kg5 en Txg4 niet goed verhinderen}) 54... Ke7 55. Re6+ {2'} Kxf7 56.
Rxe3+ Rxb3 57. Rxb3 {En hier probeerde Marc het nog tot hij nog 20" had en
bood toen remise aan in een remisestelling. Ik heb geen eindspeldatabase om te
checken of het ook remise is. Rybka/Fritz geven een waardering van ruim +3.
Achteraf vertelde Wim me dat deze steling verloren is volgens de
eindspeldatabase en geeft onderstaande varianten. Na enige studie denk ik dat
feitelijke slotstelling nadat we niet meer genoteerd hadden, ook verloren moet
zijn geweest, maar Marc had geen tijd meer.} (57. Rxb3 Bd1 58. Rb6 Bg4 59. Kf2
h4 $142 {zo houdt zwart het vier zetten langer uit, maar dat ga ik een andere
keer begrijpen, ja maar opzoeken kan ik het welal} (59... Bd1 60. Ke3 Bg4 {
ook hier houdt h4 het twee zetten langer uit} 61. Kf4 Be2 62. Kg5 Ke7 63. Rh6
Bf3 64. Rxh5 Ke6 65. g4 Be2 66. Rh4 Bd1 67. Rh6+ Ke7 68. Rg6 Bc2 69. Kh6 Bb1
70. g5 Ba2 71. Rb6 Bc4 72. g6 Bg8 73. Kg7 Bd5 74. Kh7 Be4 75. Kh8 Bd3 76. g7
Bc4 77. g8=Q Bxg8 78. Kxg8 $18) 60. gxh4 Bh5 61. Ke3 Bg6 62. Kf4 Kg7 63. Kg5
Be4 64. Ra6 Bd3 65. Ra7+ Kg8 66. Kh6 Be4 67. Rg7+ Kf8 68. Rg5 Kf7 69. Rg3 Bc2
70. Kh5 Kf6 71. Rc3 Bb1 72. Rc7 Ba2 73. Kh6 Bb1 74. h5 Bd3 75. Rd7 Be2 76. Rd2
Bg4 77. Rf2+ Ke6 78. Kg6 Bxh5+ 79. Kxh5 $18) 1/2-1/2

[Event "Euwe intern 2008-2009"]
[Site "?"]
[Date "2009.01.08"]
[Round "1.16"]
[White "Witt, Rob"]
[Black "Ten Hacken, Jos"]
[Result "1-0"]
[WhiteElo "2249"]
[BlackElo "2131"]
[Annotator "Witt"]
[PlyCount "71"]
[EventDate "2009.??.??"]

{De eerste clubavond van het nieuwe jaar begon merkwaardig genoeg met de
laatste ronde van de eerste cyclus van de interne competitie. Vooraf aan de
bar bespraken Jos en ik even het nieuwe boek van Avrukh: Grandmaster
Repertoire 1.d4. We hadden dit boek allebei vlak voor de Kerst gekocht en
meteen het hoofdstuk over de Tarrasch Verdediging opgeslagen om te zien welke
methode Avrukh aanbevolen had. Echt bestudeerd hadden we het allebei nog niet.
Even later werd bekend dat we tegen elkaar ingedeeld waren. Een mooie
gelegenheid om de aanbevolen methode uit te proberen zonder al te veel kennis
van zaken.} 1. d4 d5 2. c4 e6 3. Nf3 c5 4. cxd5 exd5 5. g3 Nc6 6. Bg2 Nf6 7.
O-O Be7 8. Nc3 O-O 9. dxc5 ({In het voorwoord van bovengenoemd boek, te lezen
op de site van Newinchess, schrijft Avrukh dat hij tot zijn eigen frustratie
niets had kunnen vinden tegen} 9. Bg5 c4 $1 {De variant die zo populair is bij
diverse Euwespelers. Wat Avrukh dan wel bedacht had, bleek pas bij aanschaf
van het boek.}) 9... Bxc5 {De meest gespeelde zet.} ({Zeer interessant is ook
het gambiet} 9... d4 10. Na4 Bf5 {Avrukh analyseert wit naar een plusje, maar
zo duidelijk is het mijns inziens niet.}) 10. Na4 $5 {Voor de Kerst werd al
druk gespeculeerd welke methode Avrukh zou aanbevelen, maar hier waren we niet
op gekomen. De zet is weliswaar al heel lang bekend, maar is de de laatste
decennia geheel overvleugeld door de variant die Timman in 1977 intoduceerde
tegen Ivkov:} (10. Bg5 d4 11. Bxf6 Qxf6 12. Nd5 Qd8 13. Nd2) 10... Be7 {4'} 11.
Be3 Re8 {5'} 12. Rc1 {4' Hier hield mijn kennis op, evenals bij Jos.} Bg4 {12'}
({Een andere belangrijke variant begint met} 12... Ne4) 13. h3 {11' Deze zet
is veel gespeeld o.a. door toppers als Polugaevsky, Stein, Gligoric en Gelfand.
Zwart heeft hierna echter geen problemen.} ({Avrukh gaat verder met} 13. Nc5
Bxc5 {Het verbaast me dat Avrukh dit moment niet van commentaar voorziet.
Waarom geeft zwart zo gemakkelijk zijn loper op? Waarom noemt hij niet het op
het eerste gezicht vrij normale Db6? en waarom is er geen enkele partij met
deze zet voorzover ik heb kunnen nagaan?} ({Ik heb me zonder computer suf
zitten piekeren, wat er nu zo slecht kan zijn aan dat} 13... Qb6 {Ik kwam er
uurtje niet uit. Daarna met computer blijkt het ook allerminst duidelijk.
Zonder computer had ik bedacht dat geen enkele paardzet wat oplevert en dat
het zal moeten komen van} 14. h3 ({Een van mijn eerste pogingen was} 14. Ne6
Qa5 15. Ned4 Qxa2 16. Nxc6 bxc6 17. Rxc6 Qxb2 {en ik heb liever zwart.}) (14.
Nd3 d4 {lijkt ook niks voor wit.}) (14. Nb3 Qb5 {lijkt ook okay voor zwart.})
14... Bxf3 15. Na4 Qb5 16. Bxf3 Rad8 {Hier zal het dan van moeten komen. Als
nader onderzoek niks oplevert kan de methode Avrukh de prullenbak in. Jammer
en teleurstellend dat hij 13....Db6 niet analyseert. En heel merkwaardig dat
er geen partij mee is.}) 14. Bxc5 Qd7 15. Re1 $1 {Avrukh analyseert nog een
tijdje verder en concludeert dat wit beter staat vanwege het loperpaar en de
controle over veld d4. "At the moment the ball is definitely in Black's court.
"}) 13... Bh5 {17' Jos had na afloop het gevoel dat dit misschien minder goed
was. Het blijkt inderdaad niet de beste te zijn, maar slecht is de zet ook
niet.} ({Avrukh (en ook de Tarraschbijbel van Keilhack!) geeft echter} 13...
Bxf3 $1 14. Bxf3 Qd7 ({Jos en ik waren na afloop niet verder gekomen dan} 14...
d4 15. Bxc6 bxc6 16. Qxd4 $16) 15. Bg2 d4 16. Bg5 Ne4 $1 $11 {met gelijk spel.}
) 14. Nd4 {13' Hier zijn diverse alternatieven gespeeld, maar merkwaardig
genoeg niet mijn alternatief} (14. Nc3 $5 {wat me niet slecht leek nu de
zwarte loper van de diagonaal c8-h3 verdreven is.}) 14... Rc8 {37' Na lang
nadenken een nieuwe zet, die ook bij Fritz en Rybka bovenaan het rijtje staat.
Bekend was nog Dd7.} 15. Nxc6 {20' Hier besloot ik om voor de pionwinst te
gaan. Ik besefte dat het zeer riskant was, maar ik zag geen weerlegging.} ({
Mijn oorspronkelijke bedoeling zal gezonder zijn} 15. Nf5 Bf8 16. Nc3 Bg6 17.
Nh4 Be4 $13) 15... bxc6 16. g4 {21' Om de druk van e2 af te halen, maar het
verzwakt de koningsvleugel.} ({Ik speelde niet meteen} 16. Bxa7 {wegens} Qa5
17. Bb6 (17. Bd4 Bxe2) 17... Qb5 {en nu moet ik toch g4 spelen, terwijl zwarts
dame nu veel aktiever staat.} 18. g4 Bg6 ({of} 18... Ra8 $13) 19. Bd4 c5 $13)
16... Bg6 17. Bxa7 h5 $1 {45' Sterk gespeeld.} (17... Qa5 18. Bc5 Bxc5 19. Rxc5
Qa6 {beviel me wel, al is het bij nader inzien ook zeer onduidelijk.}) (17...
Bd6 $5 {kwam ook sterk in aanmerking.}) 18. Bb6 {Wit nog 60'.} Qd7 {Zwart nog
40'.} 19. f3 {56' Mijn loper g2 is slecht, de zwarte velden rond mijn koning
zwak, maar de zwarte stukken op de koningsvleugel hebben weinig
bewegingsvrijheid. Ik had er wel vertrouwen in al wordt dat niet ondersteund
door de computers en die hebben vaak gelijk.} c5 $6 {28' Ik had deze zet
zondermeer verwacht. Zwart wil gebruik maken van de zwakke diagonaal a7-g1.
Maar de voorkeur verdient denk ik} (19... hxg4 20. hxg4 Qe6 $13 {en zwart
heeft ruime compensatie voor zijn pion.}) 20. Bxc5 {53'} ({Zowel Rybka als
Fritz zijn heel enthousiast over} 20. g5 $5 {Ik had daar even naar gekeken en
vertrouwde het niks na} Nh7 21. f4 ({Beter lijkt me} 21. h4 $5) 21... Nxg5 22.
fxg5 Bxg5 23. Rc3 Be3+ {Verder had ik niet gekeken, maar misschien kan het na}
24. Rxe3 Rxe3 25. Bxc5 Rg3 {dreigt Dxh3} 26. Kf2 $13) 20... Bxc5+ {24'} 21.
Rxc5 $6 {A tempo gespeeld. Ik dacht dat het verstandig was om een stel torens
te ruilen op de c-lijn, maar dat is nog maar de vraag. Beter was volgens Rybka}
(21. Nxc5 Qa7 22. Qa4 $1 {Dit heb ik gemist.} Qb8 23. Qd4 Rxe2 24. Rf2 Rxf2 (
24... Rce8 {Dit lijkt gevaarlijk voor wit. Maar hij heeft} 25. Ne4 $1 {met
voordeel.}) 25. Qxf2 Nd7 26. Nb3 Rxc1+ 27. Nxc1 {en wit heeft nog steeds zijn
pluspion al heeft zwart compensatie.}) 21... Qa7 {23'} 22. Qd4 Rxc5 {17'} 23.
Nxc5 Rxe2 24. a4 {47'} Rc2 {12'} ({Jos had ook gekeken naar} 24... Qb8 {
maar hij wilde daarmee wachten. We keken na afloop naar} 25. f4 hxg4 26. hxg4
Qxb2 (26... Nxg4 $2 27. Bf3) (26... Rxb2 $5 $13) 27. Qxb2 Rxb2 28. f5 Bh7 29.
Ra1 $16) 25. b4 ({Jos had gehoopt op} 25. Nb3 {en dan is} Qb8 $1 {sterker dan
op de vorige zet.}) 25... Rc4 26. Qd2 {42'} Rc2 {10'} ({Ik had gezien dat Jos
het kon houden met} 26... Nd7 27. Qxd5 Rxb4 28. Qxd7 Qxc5+ 29. Kh1 $11) 27. Qe3
$2 {A tempo gespeeld en slecht. Wit komt nu in gevaar.} ({Noodzakelijk was} 27.
Qe1 $13 {om zowel pion b4 als veld g3 in de gaten te houden.}) 27... Rc4 {
8' Een A tempozet van Jos.} ({Niet slecht, maar misschien mist hij hier een
kans met} 27... Qb8 $5) 28. g5 $2 {41' Opnieuw een slechte zet. Ik speel deze
fase veel te snel. Maar Jos raakt in de war.} ({Beter was} 28. gxh5 Bxh5 29.
Rb1 $13) 28... Rxb4 $2 {5' Dit verliest.} ({Noodzakelijk en goed was} 28... Nd7
29. Qe8+ {Dit zou ik gespeeld hebben, maar beter was} (29. Rd1 Nxc5 30. Rxd5
Rxb4 31. Qxc5 Qxa4 $13) 29... Nf8 30. Qb5 {Maar na} ({Rybka suggereert hier} 
30. Rd1 {maar dat verliest na} Rxb4 31. Rxd5 Rc4 32. Qb5 Rc1+ 33. Kf2 Qe7 34.
Qb4 Rc2+ {en wit moet een paard geven om mat te voorkomen.}) 30... Qe7 {
staat eerder zwart beter.}) 29. gxf6 {35'} Rc4 30. Rc1 Bc2 {4'} 31. Bf1 {33'}
Rxc5 $2 {2' Fout in verloren stelling.} (31... Qxc5 32. Qxc5 Rxc5 33. Bd3 Rc3
34. Bf5 Rxf3 35. Bxc2 gxf6 36. Ra1 {en wit zal winnen met zijn a-pion.}) 32.
Rxc2 d4 {1'} 33. Qe8+ {32'} Kh7 34. Bd3+ g6 35. Qf8 Rg5+ 36. Kh1 {Voor wat de
opening betreft, een nuttige partij voor ons allebei. Mijn opzet met het
winnen van de a-pion was uiterst dubieus. De gelukkigste heeft gewonnen.} 1-0